Introduction to the practice of statistics (Record no. 60664)

000 -LEADER
fixed length control field 00657nam a22001817a 4500
003 - CONTROL NUMBER IDENTIFIER
control field NUST-PNEC
005 - DATE AND TIME OF LATEST TRANSACTION
control field 20170116180704.0
008 - FIXED-LENGTH DATA ELEMENTS--GENERAL INFORMATION
fixed length control field 140917b xxu||||| |||| 00| 0 eng d
040 ## - CATALOGING SOURCE
Transcribing agency PNEC
082 ## - DEWEY DECIMAL CLASSIFICATION NUMBER
Classification number 519.5 MOO
100 ## - MAIN ENTRY--PERSONAL NAME
9 (RLIN) 299
Personal name Moore, David S.
245 ## - TITLE STATEMENT
Title Introduction to the practice of statistics
Statement of responsibility, etc. David S. Moore
260 ## - PUBLICATION, DISTRIBUTION, ETC.
Place of publication, distribution, etc. New York
Name of publisher, distributor, etc. W.H. Freeman and Company
Date of publication, distribution, etc. c1996.
300 ## - PHYSICAL DESCRIPTION
Extent xii, (various paging)
Other physical details ill. :
Dimensions 26 cm.
500 ## - GENERAL NOTE
General note Includes Index http://www.amazon.com/Introduction-Practice-Statistics-George-McCabe/dp/071676282X/ref=sr_1_1?s=books&ie=UTF8&qid=undefined&sr=1-1&keywords=071676282x
650 ## - SUBJECT ADDED ENTRY--TOPICAL TERM
General subdivision MIS, ME
942 ## - ADDED ENTRY ELEMENTS (KOHA)
Source of classification or shelving scheme
Koha item type Book
Holdings
Withdrawn status Lost status Source of classification or shelving scheme Damaged status Not for loan Permanent Location Current Location Shelving location Date acquired Source of acquisition Cost, normal purchase price Total Checkouts Full call number Barcode Date last seen Cost, replacement price Price effective from Koha item type
          Pakistan Navy Engineering College (PNEC) Pakistan Navy Engineering College (PNEC) Reference 08/29/2007 Royal Book Company 5733.00   519.5 MOO PNECLIB-028405 09/17/2014 5733.00 08/29/2007 Book
© 2023 Central Library, National University of Sciences and Technology. All Rights Reserved.